Library of the University of Algiers 3
Ibrahim Sultan Cheibout
شعار جامعة الجزائر 3
مكتبة جامعة الجزائر 3
إبراهيم سلطان شيبوط

مبادئ الاقتصاد السياسي : (رقم التسجيلة. 43867)

تفاصيل مارك
000 -LEADER
fixed length control field 01574nam a2200217Ia 4500
003 - CONTROL NUMBER IDENTIFIER
control field Ost
005 - DATE AND TIME OF LATEST TRANSACTION
control field 20260507075311.0
008 - FIXED-LENGTH DATA ELEMENTS--GENERAL INFORMATION
fixed length control field 260507s9999||||xx |||||||||||||| ||und||
040 ## - CATALOGING SOURCE
Transcribing agency fsecg
041 ## - LANGUAGE CODE
Language code of text/sound track or separate title ara
082 ## - DEWEY DECIMAL CLASSIFICATION NUMBER
Classification number 330
100 ## - MAIN ENTRY--PERSONAL NAME
Personal name دويدار، محمد
Relator term مؤلف
245 #0 - TITLE STATEMENT
Title مبادئ الاقتصاد السياسي :
Remainder of title الاقتصاد النقدي /
Statement of responsibility, etc. محمد دويدار
260 ## - PUBLICATION, DISTRIBUTION, ETC.
Place of publication, distribution, etc. الاسكندرية:
Name of publisher, distributor, etc. دار الجامعة الجديدة,
Date of publication, distribution, etc. 2008
300 ## - PHYSICAL DESCRIPTION
Extent 429 صفحة؛
Dimensions 25 سم
520 ## - SUMMARY, ETC.
Summary, etc. 1)لتعريف بالنقود:نشأة النقود و تطورها مع اقتصاد المبادلة ، النقودابتداءا من القيمة و النظام النقدي و النظام النقدي المصري 2)المؤسسات النقدية : النظام المصرفي في ظل طريقة الانتاج الرأسمالية بتناول كل من الرأسماليةالصناعية و نشأة النظام المصرفي التنافسي و تطور النظام المصرفي ابتداء من منتصف القرن التاسع عشر 3)النقود و نظريات أداء الاقتصاد الرأسمالي : الناتج الاجتماعي و كيفية حسابه ، النقود و نظرية الكلاسيك في أداء الاقتصاد الرأسمالي و النظرية النقدية الكينزية في أداء الاقتصاد الرأسمالي .
653 ## - INDEX TERM--UNCONTROLLED
Uncontrolled term الاقتصاد الرأسمالي
653 ## - INDEX TERM--UNCONTROLLED
Uncontrolled term الاقتصاد السياسي
653 ## - INDEX TERM--UNCONTROLLED
Uncontrolled term النقود
942 ## - ADDED ENTRY ELEMENTS (KOHA)
Koha item type كتب
المقتنيات
Withdrawn status Lost status Source of classification or shelving scheme Damaged status Not for loan Home library Current library Date acquired Serial enumeration / chronology Inventory number Total checkouts Full call number Barcode Date last seen Price effective from Koha item type
    Dewey Decimal Classification   NOT LOAN / إعارة داخلية مكتبة كلية العلوم الإقتصادية والعلوم التجارية وعلوم التسيير مكتبة كلية العلوم الإقتصادية والعلوم التجارية وعلوم التسيير 07/05/2026 الطابق الأرضي 2011/1371   أ/3845ن1 2011/1371 07/05/2026 07/05/2026 كتب
    Dewey Decimal Classification   Available مكتبة كلية العلوم الإقتصادية والعلوم التجارية وعلوم التسيير مكتبة كلية العلوم الإقتصادية والعلوم التجارية وعلوم التسيير 07/05/2026 الطابق الأرضي 2011/1372   أ/3845ن2 2011/1372 07/05/2026 07/05/2026 كتب
    Dewey Decimal Classification   Available مكتبة كلية العلوم الإقتصادية والعلوم التجارية وعلوم التسيير مكتبة كلية العلوم الإقتصادية والعلوم التجارية وعلوم التسيير 07/05/2026 الطابق الأرضي 2011/1373   أ/3845ن3 2011/1373 07/05/2026 07/05/2026 كتب
    Dewey Decimal Classification   Available مكتبة كلية العلوم الإقتصادية والعلوم التجارية وعلوم التسيير مكتبة كلية العلوم الإقتصادية والعلوم التجارية وعلوم التسيير 07/05/2026 الطابق الثاني 2011/3239   أ/3845ن4 2011/3239 07/05/2026 07/05/2026 كتب
    Dewey Decimal Classification   Available مكتبة كلية العلوم الإقتصادية والعلوم التجارية وعلوم التسيير مكتبة كلية العلوم الإقتصادية والعلوم التجارية وعلوم التسيير 07/05/2026 الطابق الثاني 2011/3240   أ/3845ن5 2011/3240 07/05/2026 07/05/2026 كتب
    Dewey Decimal Classification   Available مكتبة كلية العلوم الإقتصادية والعلوم التجارية وعلوم التسيير مكتبة كلية العلوم الإقتصادية والعلوم التجارية وعلوم التسيير 07/05/2026 الطابق الثاني 2011/3241   أ/3845ن6 2011/3241 07/05/2026 07/05/2026 كتب

موارد الويب المفتوحة


© University of Algiers 3 All Rights Reserved
|
Implemented by LECHELAH Riad